Ekonómia šťastia bakalárska práca

Guardado en:
Detalles Bibliográficos
Autor principal: Kapustová, Zuzana
Autores Corporativos: Národohospodárska fakulta EU. Katedra ekonómie, Univerzita Komenského v Bratislave. Právnická fakulta
Otros Autores: Francisti, Ivan, 1997-
Formato: Libro
Lenguaje:eslovaco
Publicado: Bratislava 2022
Etiquetas: Agregar Etiqueta
Sin Etiquetas, Sea el primero en etiquetar este registro!

MARC

LEADER 00000nbm a2200000 4500
001 0284939
005 20230303105544.7
041 0 |a slo 
044 |a SK 
245 1 0 |a Ekonómia šťastia  |b bakalárska práca  |c Zuzana Kapustová ; školiteľ: Ivan Francisti 
264 1 |a Bratislava  |c 2022 
300 |a 45 s. 
100 1 |a Kapustová, Zuzana 
700 1 |a Francisti, Ivan, 1997- 
710 2 |a Národohospodárska fakulta EU. Katedra ekonómie 
710 2 |a Univerzita Komenského v Bratislave. Právnická fakulta